|
|
|
|
| LEADER |
00000nam a22000007a 4500 |
| 005 |
20130611182733.0 |
| 007 |
cr|||| |||| |
| 008 |
130611e2012 ck |||||s|||| 00||0 spa d |
| 020 |
|
|
|a 978-958-648-818-1
|
| 035 |
|
|
|a 11267
|
| 040 |
|
|
|a vLex
|
| 090 |
|
|
|c 4310
|d 4310
|
| 100 |
1 |
0 |
|a Bermd︢ez, Lilia Teresa
|
| 245 |
1 |
0 |
|a Investigacin̤ en la gestin̤ empresarial
|c / Lilia Teresa Bermd︢ez, Luis Felipe Rodrg̕uez
|h [Recurso electrn̤ico]
|
| 256 |
|
|
|a Servicio en ln̕ea
|
| 260 |
|
|
|a Bogot ̀:
|b ECOE,
|c 2012
|
| 300 |
|
|
|a 1 Recurso electrn̤ico
|
| 506 |
|
|
|d vLex Global
|d vLex Global (Academic Edition, excluding Law Schools)
|d vLex Global (U.S. Academic Edition, Law Schools)
|d vLex Global (U.S. Academic Edition, excluding Law Schools)
|d vLex Global (Academic Edition, Law Schools)
|
| 650 |
|
4 |
|a Administracin̤ (Management)
|
| 700 |
1 |
0 |
|a Rodrg̕uez, Luis Felipe
|
| 740 |
|
|
|a vLex Libros (Servicio en ln̕ea)
|
| 856 |
|
|
|a Acceso restringido
|u http://www.vlex.com/source/11267
|
| 942 |
|
|
|c BOOK
|
| 999 |
|
0 |
|a Management
|